RICS directory 2007 (Record no. 108163)

MARC details
000 -LEADER
fixed length control field 00898cam a22002295a 4500
001 - CONTROL NUMBER
control field L143464
008 - FIXED-LENGTH DATA ELEMENTS--GENERAL INFORMATION
fixed length control field 080513s2007 xxk f 000 0 eng d
020 ## - INTERNATIONAL STANDARD BOOK NUMBER
International Standard Book Number 9781857830514
035 ## - SYSTEM CONTROL NUMBER
System control number (Sirsi) u143464
041 0# - LANGUAGE CODE
Language code of text/sound track or separate title eng
050 04 - LIBRARY OF CONGRESS CALL NUMBER
Classification number 333.33025
-- 18
110 2# - MAIN ENTRY--CORPORATE NAME
Corporate name or jurisdiction name as entry element Royal Institution of Chartered Surveyors
9 (RLIN) 4900
245 ## - TITLE STATEMENT
Title RICS directory 2007
260 ## - PUBLICATION, DISTRIBUTION, ETC.
Place of publication, distribution, etc. London
Name of publisher, distributor, etc. Waterlow Professional Publishing Ltd
Date of publication, distribution, etc. 2007
300 ## - PHYSICAL DESCRIPTION
Extent 2v.[700; 1347p.]
Dimensions 26cm
505 2# - FORMATTED CONTENTS NOTE
Formatted contents note Geographical directory
-- List of members
520 ## - SUMMARY, ETC.
Summary, etc. Provides two listings of RICS members: A-Z and by geographical location. Includes a specialisations index,introduction to RICS Faculties and Forums, an explanat of member services, details of associated organisations and services, and RICS contacts.
650 24 - SUBJECT ADDED ENTRY--TOPICAL TERM
Topical term or geographic name entry element MEMBERSHIP DIRECTORY
651 #4 - SUBJECT ADDED ENTRY--GEOGRAPHIC NAME
Geographic name ENGLAND AND WALES
690 ## - LOCAL SUBJECT ADDED ENTRY--TOPICAL TERM (OCLC, RLIN)
Topical term or geographic name as entry element ABOUT RICS-RICS MEMBERS
942 ## - ADDED ENTRY ELEMENTS (KOHA)
Suppress in OPAC 0
Holdings
Withdrawn status Lost status Source of classification or shelving scheme Damaged status Not for loan Home library Current library Shelving location Date acquired Total Checkouts Full call number Barcode Date last seen Copy number Price effective from Koha item type
    Dewey Decimal Classification     London London Reference copy 13/05/2008   ENQUIRY DESK 30074373 06/08/2019 1 06/08/2019 Reference material